000 01142nam1a2200289 i 4500
001 RU\NLR\bibl\1412950
005 20260407075728.0
035 _a(NLR Aleph) 001404928
090 _a1245969
_c1245969
100 _a20090915g20089999u y0rusy50 ca
101 0 _arus
102 _aRU
105 _a||||z |||||
200 1 _aНаша школа
_eкнига воспоминаний о 52-й школе
_f[сост.: В.В. Глебкин, А.Л. Беленькая]
210 _aМосква
_cМАКС Пресс
_d2008
215 _d21
463 0 _10011341747
601 0 2 _aГимназия
_c1514; Москва, город
_jВоспоминания, записки и т.п.
_xИстория
_92578938
_3RU\NLR\auth\661524674
686 1 _aЧ424(2)714г
702 1 _7ca
_8rus
_aГлебкин
_bВ. В.
_gВладимир Владиславович
_966660
_3RU\NLR\auth\7783732
712 0 2 _4570
_aГимназия
_c1514; Москва
_9579019
_3RU\NLR\AUTH\8810039985
801 0 _aRU
_bNLR
_c20090915
_gRCR
801 1 _aRU
_bNLR
_c20090915
852 _aNLR
_j2009-5/2398
942 _cBOOK